00532nam a2200181Ia 4500008004100000020001800041082001600059100002900075245003000104250000600134260003300140300001700173500002400190650001600214942000700230952009600237999001700333230524s9999 xx 000 0 und d a9788126522187 a621.39bSTE aJonathan Y. Stein942814 0aDigital Signal Processing a1 aNew DelhibWilly Indiac2009 a"XIII,849p;" aQuantity Number: 1 aElectronics cBK 00104070aTATCLbTATCLcGENd2023-05-24l0o621.39 STEp54100r2023-05-24w2023-05-24yBK c57787d57787